C Projects (Record no. 3677)

MARC details
000 -LEADER
fixed length control field 00355nam a2200157Ia 4500
008 - FIXED-LENGTH DATA ELEMENTS--GENERAL INFORMATION
fixed length control field 191201s2006 xx 000 0 und d
020 ## - INTERNATIONAL STANDARD BOOK NUMBER
International Standard Book Number 8170292565
082 ## - DEWEY DECIMAL CLASSIFICATION NUMBER
Classification number 005.133
Item number KAC
100 ## - MAIN ENTRY--PERSONAL NAME
Personal name KANETKAR, Yashwant
245 #0 - TITLE STATEMENT
Title C Projects
250 ## - EDITION STATEMENT
Edition statement Rep
260 ## - PUBLICATION, DISTRIBUTION, ETC. (IMPRINT)
Place of publication, distribution, etc N.Delhi
Name of publisher, distributor, etc BPB Publication
Date of publication, distribution, etc 2006
300 ## - PHYSICAL DESCRIPTION
Extent 596
650 ## - SUBJECT ADDED ENTRY--TOPICAL TERM
Topical term or geographic name as entry element MCA
942 ## - ADDED ENTRY ELEMENTS (KOHA)
Source of classification or shelving scheme Dewey Decimal Classification
Koha item type Text Books
Holdings
Withdrawn status Lost status Source of classification or shelving scheme Damaged status Not for loan Collection code Home library Current library Date acquired Source of acquisition Cost, normal purchase price Bill Number Total Checkouts Full call number Acc. no. / Barcode Date last seen Date last borrowed Bill Date Koha item type
    Dewey Decimal Classification     MCA PIET C-LIBRARY PIET C-LIBRARY 22/12/2008 J B C, New Delhi 360.00 SI-4644 1 005.133 KAC 10591 10/12/2022 26/11/2022 11/12/2008 Text Books
    Dewey Decimal Classification     MCA PIET C-LIBRARY PIET C-LIBRARY 22/12/2008 J B C, New Delhi 360.00 SI-4644 1 005.133 KAC 10592 05/04/2023 27/03/2023 11/12/2008 Text Books
    Dewey Decimal Classification     Computer Science & Engineering in Cyber Security PIET C-LIBRARY PIET C-LIBRARY 22/12/2008 J B C, New Delhi 360.00 SI-4644   005.133 KAC 10593 04/12/2019   11/12/2008 Text Books
    Dewey Decimal Classification     Computer Science & Engineering in Cyber Security PIET C-LIBRARY PIET C-LIBRARY 22/12/2008 J B C, New Delhi 360.00 SI-4644   005.133 KAC 10594 04/12/2019   11/12/2008 Text Books
    Dewey Decimal Classification     Computer Science and Engineering in AI & Machine Learning PIET C-LIBRARY PIET C-LIBRARY 22/12/2008 J B C, New Delhi 360.00 SI-4644   005.133 KAC 10595 04/12/2019   11/12/2008 Text Books

Design & Developed by: PIET Central Library
R70 Miles Stone Pattikalyana Samalkha Panipat 132102
mail ID :- [email protected], Phone No:- 0180-2569700 Ex.216